Εισαγωγή στην ποιοτική θεωρία διαφορικών εξισώσεων : πτυχιακή εργασία
Εισαγωγή στα γραμμικά συστήματα διαφορικών εξισώσεων,παρουσίαση της ποιοτικής θεωρίας,αρχή της γραμμικοποίησησς,μέθοδος Liapunov.
Αποθηκεύτηκε σε:
| Κύριος συγγραφέας: | |
|---|---|
| Συγγραφή απο Οργανισμό/Αρχή: | |
| Μορφή: | Thesis Βιβλίο |
| Γλώσσα: | Greek |
| Δημοσίευση: |
2012.
|
| Θέματα: | |
| Διαθέσιμο Online: | http://hdl.handle.net/11610/8027 |
| Ετικέτες: |
Προσθήκη ετικέτας
Δεν υπάρχουν, Καταχωρήστε ετικέτα πρώτοι!
|
MARC
| LEADER | 00000cam a2200000 i 4500 | ||
|---|---|---|---|
| 001 | 1/31673 | ||
| 008 | 130612s2012 gr | ||| |||| ||gre|| | ||
| 035 | |l 10114777 | ||
| 040 | |a GR-MyUA |b gre |e AACR2 | ||
| 041 | 0 | |a gre | |
| 082 | 0 | |a 515.35 |2 (22) | |
| 100 | 1 | |a Τασιούδης, Οδυσσέας. | |
| 245 | 1 | 0 | |a Εισαγωγή στην ποιοτική θεωρία διαφορικών εξισώσεων : |b πτυχιακή εργασία / |c Οδυσσέας Τασιούδης ; επιβλέπων καθηγητής Νίκος Καραχάλιος. |
| 260 | |c 2012. | ||
| 300 | |a 37 σ. : |b σχέδια ; |c 30 εκ. | ||
| 500 | |a Μέλη της εξεταστικής επιτροπής: Νίκος Καραχάλιος, Θεοδόσης Δημήτρης, Αγαπητός Χατζηνικήτας. | ||
| 502 | |a Πτυχιακή εργασία – Πανεπιστήμιο Αιγαίου, Σάμος, 2012. | ||
| 504 | |a Βιβλιογραφία: σ. 37. | ||
| 506 | 0 | |a Διάθεση πλήρους κειμένου - Ελεύθερη πρόσβαση. | |
| 520 | |a Εισαγωγή στα γραμμικά συστήματα διαφορικών εξισώσεων,παρουσίαση της ποιοτικής θεωρίας,αρχή της γραμμικοποίησησς,μέθοδος Liapunov. | ||
| 610 | 2 | 0 | |a University of the Aegean |x Dissertations. |
| 650 | 0 | 0 | |a Differential equations. |
| 650 | 0 | 0 | |a Linear systems. |
| 650 | 0 | 0 | |a Dissertations, Academic |z Greece. |
| 700 | 1 | |a Καραχάλιος, Νικόλαος, |e dgs | |
| 710 | 2 | |a Πανεπιστήμιο Αιγαίου. |b Σχολή Θετικών Επιστημών. |b Τμήμα Μαθηματικών. | |
| 852 | |a INST |b SAMOS |c DIATR |e 20130612 |h 515.35 ΤΑΣ |p 005300040216 |q 005300040216 |t DIE |y 23 | ||
| 852 | |a INST |b SAMOS |c DIATR |e 20130612 |h 515.35 ΤΑΣ |p 005300040217 |q 005300040217 |t DIE |y 23 | ||
| 856 | |u http://hdl.handle.net/11610/8027 | ||
| 901 | |a BIBL3-2013-2 | ||
| 909 | |a Σ |b 178453 | ||
| 909 | |a Σ |b 178454 | ||
| 924 | |a ΤΑΣΙΟΥΔΗΣ |b ΟΔΥΣΣΕΑΣ |y Σάμος |z 2012-10 | ||
| 970 | |a ΚΟΣΙΕΡΗΣ |b ΧΡΗΣΤΟΣ |z 2013/06/12 | ||